Vista normal
Vista MARC
Entrada Personal Name
Número de registros utilizados en: 1
001 - CONTROL NUMBER
- control field: 7854
003 - CONTROL NUMBER IDENTIFIER
- control field: OSt
005 - DATE AND TIME OF LATEST TRANSACTION
- control field: 20200726185446.0
008 - FIXED-LENGTH DATA ELEMENTS
- fixed length control field: 200726|| aca||aabn | a|a d
040 ## - CATALOGING SOURCE
- Original cataloging agency: OSt
- Transcribing agency: OSt
100 ## - HEADING--PERSONAL NAME
- Personal name: Méndez, José Luis
670 ## - SOURCE DATA FOUND
- Source citation: Work cat.: (OSt)5245: Méndez, José Luis, compilador, Liderazgo político / , ©2013